|
|
|
|
| LEADER |
00000nas a2200000 a 4500 |
| 001 |
vtls010070642 |
| 003 |
SK-MaSNL |
| 005 |
20260228164222.0 |
| 008 |
100302c1691 xo ar1 0 0 d |
| 015 |
|
|
|a SNBHFA
|
| 040 |
|
|
|a SNK
|b slo
|c SNK
|d SNKHF
|e rda
|
| 072 |
|
7 |
|a 006.95
|x Chronológia
|2 konspekt
|
| 072 |
|
7 |
|a 050
|x Seriálové publikácie. Periodiká
|2 konspekt
|
| 080 |
|
|
|a 006.95
|2 2011
|
| 100 |
1 |
|
|a Neubarth, Jan
|4 aut
|9 275525
|
| 245 |
1 |
0 |
|a [Nowý Kalendář, Na Rok ... M DC XCII [=1692]... sepsaný a wydaný od Jana Neubartha.]
|
| 264 |
|
3 |
|a [W Žilině]
|b [v Jana Dádana]
|c 1691
|
| 336 |
|
|
|a text
|b txt
|2 rdacontent
|
| 337 |
|
|
|a bez média
|b n
|2 rdamedia
|
| 338 |
|
|
|a zväzok
|b nc
|2 rdacarrier
|
| 500 |
|
|
|a zlomok 8 necelých listov z rozlepených dosák
|
| 510 |
0 |
|
|a Čaplovič
|c 2552
|
| 650 |
0 |
7 |
|a kalendáre
|2 SNKPH
|9 19075
|
| 700 |
1 |
|
|a Dadan, Ján,
|d 1662-1704
|4 prt
|9 158566
|
| 752 |
|
|
|a Slovensko
|d Žilina
|
| 852 |
|
|
|a SNK
|b ČSE 6/1692
|
| 958 |
|
|
|a ONDV
|
| 958 |
|
|
|a DC
|
| 999 |
|
|
|c 12751
|d 14681
|
| 952 |
|
|
|0 0
|1 0
|4 0
|7 0
|8 5
|a SNK
|b SNK
|d 2010-03-02
|i snkF 1294/69
|l 0
|o snkČSE 6/1692
|p 17A0648600
|r 2026-02-21 21:41:56
|w 2026-02-21
|y PREZ
|